000 01214nam0a22002771 4500
001 rc\2956441
005 20250529234909.0
035 _a(NLR Aleph) 007103655
090 _a6696033
_c6696033
100 _a20110901d1939 |||y0rusy50 ca
101 0 _arus
102 _aRU
105 _aa z |||||
200 1 _aТрактор ЧТЗ "Сталинец-65" (с дизелем)
_eОписание конструкции, управление, уход
_fБ.Е. Архангельский, В.Т. Ломоносов, А.А. Никифоров, В.И. Щербина
_gЧеляб. трактор. з-д им. Сталина
210 _aМосква
_cКаталогиздат
_d1939
215 _a472 с., 7 вкл. л. ил., черт.
_cил., черт.
_d23 см
701 1 _7ca
_8rus
_aАрхангельский
_bБ. Е.
_cинженер-конструктор, тракторы
_f1906-1980
_gБорис Евграфович
_9220535
_3RU\NLR\AUTH\770220591
701 1 _aЛомоносов
_bВ.Т.
701 1 _aНикифоров
_bА.А.
701 1 _aЩербина
_bВ.И.
801 0 _aRU
_bNLR
_gpsbo
801 1 _aRU
_bELAR
_2rusmarc
852 _aNLR
_j39-4/395
942 _cBOOK
980 _aNB